Big Bang Theory Characters Quiz Stats

 Plays Quiz Updated Nov 19, 2012

Challenge
Share
Tweet
Score 0/15 Timer 03:00
0 Plays Today
% Correct
Sheldon Cooper
99.1%
Penny
97.9%
Rajesh Koothrappali
95.4%
Howard Wolowitz
93.6%
Leonard Hofstadter
93.3%
Amy Farrah Fowler
92.1%
Bernadette Rostenkowski
82%
Stuart Bloom
62.1%
% Correct
Priya Koothrappali
60%
Leslie Winkle
58.5%
Barry Kripke
56.5%
Mary Cooper
43%
Beverly Hofstadter
34.7%
Dr. Stephanie Barnett
25.6%
Dr. Eric Gablehauser
19.4%

You're not logged in!

Compare scores with friends on all Sporcle quizzes.
Join for Free
OR
Log In

You Might Also Like...

Show Comments

Extras

Top Quizzes Today


Score Distribution

Your Account Isn't Verified!

In order to create a playlist on Sporcle, you need to verify the email address you used during registration. Go to your Sporcle Settings to finish the process.

Report this User

Report this user for behavior that violates our Community Guidelines.

Details: